|
|
|
|
| LEADER |
00000ny a22000003n 4500 |
| 005 |
20110530104338.0 |
| 008 |
041021s2002 sp s 000 0 spa c |
| 017 |
|
|
|a D.L. M2216-2002
|
| 020 |
|
|
|a 9788480045025
|
| 035 |
|
|
|a 403
|
| 040 |
|
|
|a BUV
|d vLex
|
| 040 |
|
|
|a UMA.DER
|d vLex
|
| 080 |
|
|
|a 343.272(460)
|
| 080 |
|
|
|a 343.341(460)
|
| 080 |
|
|
|a 343.359(460)
|
| 090 |
|
|
|c 350
|d 350
|
| 100 |
1 |
|
|a Bacigalupo, Silvina
|
| 245 |
1 |
0 |
|a Ganancias ilc̕itas y derecho penal
|h [Recurso electrn̤ico]
|c Silvina Bacigalupo
|
| 256 |
|
|
|a Servicio en ln̕ea
|
| 260 |
|
|
|a Madrid :
|b Centro de Estudios Ramn̤ Areces,
|c 2002
|
| 300 |
|
|
|a XVI, 135 p. ;
|c 21 cm
|
| 504 |
|
|
|a Bibliogr. : p. [121]-135
|
| 506 |
1 |
|
|a Contenido solo disponible en los productos indicados
|d vLex Global
|d vLex Global (Academic Edition, excluding Law Schools)
|d vLex Global (U.S. Academic Edition, Law Schools)
|d vLex Global (U.S. Academic Edition, excluding Law Schools)
|d vLex Global (Academic Edition, Law Schools)
|
| 650 |
0 |
7 |
|a Penal
|2 Tesauro vLex
|
| 650 |
0 |
7 |
|a Delitos
|2 Tesauro vLex
|
| 650 |
0 |
7 |
|a Derecho penal
|2 Tesauro vLex
|
| 740 |
0 |
|
|a vLex Libros (Servicios en ln̕ea)
|
| 856 |
4 |
0 |
|u http://vlex.com/source/403
|z Acceso restringido
|
| 942 |
|
|
|c BOOK
|
| 999 |
0 |
|
|a Criminal law
|b Madrid
|